|
|
|
|
| LEADER |
00000cam a2200000 4500 |
| 001 |
vtls012291410 |
| 003 |
SK-MaSNL |
| 005 |
20260409110940.0 |
| 008 |
260212s2025 xo a b e 000 0 slo |
| 015 |
|
|
|a SNBA2026/04
|
| 020 |
|
|
|a 9788056715345
|q (viazané)
|
| 040 |
|
|
|a SNK
|b slo
|c SNK
|e rda
|
| 041 |
1 |
|
|a slo
|h eng
|
| 044 |
|
|
|a xo
|c SK
|
| 072 |
|
7 |
|a 0/9-053.2
|x Literatúra pre deti a mládež (náučná)
|2 konspekt
|
| 080 |
|
|
|a 0/9
|2 2011
|
| 080 |
|
|
|a (031)
|2 2011
|
| 080 |
|
|
|a (0.053.2)
|2 2011
|
| 080 |
|
|
|a (0.025.2)
|2 2011
|
| 100 |
1 |
|
|a Kecir-Lepetit, Emmanuelle,
|d 1973-
|4 aut
|9 448867
|
| 240 |
1 |
0 |
|a Mon encyclopédie animée
|l Slovensky
|
| 245 |
1 |
0 |
|a Všeobecná encyklopédia v pohybe
|c napísala: Emanuelle Kecir-Lepetit ; ilustrovali Gabrielle Berger, Lucie Delauney, Charlotte Molas, Sébastien Pelon, Maud Riemann
|b obsahuje 180 okienok na odklápanie
|
| 264 |
|
1 |
|a Bratislava
|b Svojtka & Co., s.r.o.
|c 2025
|
| 300 |
|
|
|a 32 nečíslovaných strán
|b ilustrácie
|c 26 cm
|
| 336 |
|
|
|a text
|b txt
|2 rdacontent
|
| 336 |
|
|
|a statický obraz
|b sti
|2 rdacontent
|
| 337 |
|
|
|a bez média
|b n
|2 rdamedia
|
| 338 |
|
|
|a zväzok
|b nc
|2 rdacarrier
|
| 500 |
|
|
|a Publikácia má kartónové listy s odklápacími okienkami
|
| 500 |
|
|
|a Preložené z francúzského vydania
|
| 521 |
8 |
|
|a Pre deti 5-8 rokov
|
| 650 |
0 |
7 |
|a všeobecnosti a zaujímavosti
|2 SNKPH
|9 4162
|
| 650 |
0 |
7 |
|a Facts and features
|2 SNKPHeng
|9 323157
|
| 655 |
|
7 |
|a encyklopédie
|2 SNKPH
|9 28776
|
| 655 |
|
7 |
|a publikácie pre deti
|2 SNKPH
|9 70148
|
| 655 |
|
7 |
|a leporelá
|2 SNKPH
|9 60414
|
| 655 |
|
7 |
|a Encyclopedias
|2 SNKPHeng
|9 90422
|
| 655 |
|
7 |
|a Publications for children
|2 SNKPHeng
|9 276792
|
| 655 |
|
7 |
|a Folding picture-books
|2 SNKPHeng
|9 302521
|
| 700 |
1 |
|
|a Berger, Gabrielle
|4 ill
|9 448868
|
| 700 |
1 |
|
|a Delauney, Lucie
|4 ill
|9 448871
|
| 700 |
1 |
|
|a Molas, Charlotte
|4 ill
|9 448869
|
| 700 |
1 |
|
|a Pelon, Sébastien
|4 ill
|9 448870
|
| 700 |
1 |
|
|a Riemann, Maud
|4 ill
|9 448872
|
| 700 |
1 |
|
|a Gieciová, Daniela
|c (prekladateľka)
|4 trl
|4 red
|9 222327
|
| 700 |
1 |
|
|a Gendová, Martina
|4 pfr
|9 224445
|
| 852 |
|
|
|a Slovenská národná knižnica
|
| 919 |
|
|
|a 978-80-567-1534-5
|
| 954 |
|
|
|a ilustrované knihy, leporelá, komiksy cudzojazyčné (svetové)
|2 lita
|
| 958 |
|
|
|a DB
|
| 958 |
|
|
|a UP
|
| 968 |
|
|
|b FR
|
| 999 |
|
|
|c 703513
|d 705443
|
| 952 |
|
|
|a SNK
|b SNK
|y NEVYP
|7 1
|p 17A1584395
|o snkOSB 21959
|i snk2026/2284
|8 0
|0 0
|1 0
|4 0
|d 2026-02-12
|l 0
|r 2026-02-23 21:06:11
|w 2026-02-23
|
| 952 |
|
|
|a SNK
|b SNK
|y PREZ
|7 0
|p 17A1584396
|o snkOSB 21959 D1
|i snk2026/2285
|8 0
|0 0
|1 0
|4 0
|d 2026-02-12
|l 0
|r 2026-02-23 21:06:11
|w 2026-02-23
|